| 000 | 01076nam a22002897a 4500 | ||
|---|---|---|---|
| 001 | BR7575058 | ||
| 003 | BR-BrBNA | ||
| 005 | 20230928084845.0 | ||
| 007 | ta | ||
| 008 | 230509b bl.||||| |||| 00| 0 por d | ||
| 040 |
_aBR-BrBNA _bpor _cBiblioteca Nacional de Agricultura |
||
| 041 | _a(Por) | ||
| 072 |
_aP12; P10 _b/GZ35 _b/G514 |
||
| 090 | _ P12 BR7575058 | ||
| 100 | 1 | _aNogueira, J.M. | |
| 110 | 1 |
_aUniversidade Federal do Rio Grande do Sul, Porto Alegre (Brasil). Centro de Hidrologia Aplicada _0Tese (Mestre) _911153 |
|
| 245 | 1 | _aEstudo de barragem para abastecimento d'agua da cidade de Vacaria-RS [Rio Grande do Sul; Brasil] | |
| 260 | 3 |
_aPorto Alegre, RS (Brasil): _c1975. |
|
| 300 | _av. 1-2 | ||
| 500 | _aMap, scale 1:20,000; 26 ref.; Summary (Por). (*) Documento disponível na(o) Universidade Federal do Rio Grande do Sul, Porto Alegre (Brazil). Inst. de Pesquisas Hidraulicas | ||
| 650 | _aBARRAGEM | ||
| 650 | _aABASTECIMENTO DE AGUA | ||
| 650 | _aVACARIA | ||
| 650 | _aRIO GRANDE DO SUL | ||
| 909 |
_a202309 _bLucia _c55 _dLucia Elande |
||
| 942 | _cBK | ||
| 999 |
_c21503 _d21503 |
||